India : (Record no. 42197)

MARC details
000 -LEADER
fixed length control field 00839nam a22002297a 4500
005 - DATE AND TIME OF LATEST TRANSACTION
control field 20100816152818.0
010 ## - LCCN (DPL NO)
LC control number ENG-100642
020 ## - INTERNATIONAL STANDARD BOOK NUMBER
International Standard Book Number 9780195696929
Terms of availability 445.00
020 ## - INTERNATIONAL STANDARD BOOK NUMBER
International Standard Book Number 0195696921
Terms of availability 445.00
035 ## - SYSTEM CONTROL NUMBER
System control number EN-84175
037 ## - SOURCE OF ACQUISITION
Source of stock number/acquisition DBAD/PUB
082 ## - DEWEY DECIMAL CLASSIFICATION NUMBER
Classification number 352.54
245 ## - TITLE STATEMENT
Title India :
Remainder of title social development report 2008 /
Statement of responsibility, etc by Council for Social Development
260 ## - PUBLICATION, DISTRIBUTION, ETC. (IMPRINT)
Place of publication, distribution, etc New Delhi
Name of publisher, distributor, etc Oxford University Press
Date of publication, distribution, etc 2008
270 ## - ADDRESS
Address YMCA Library Building, Jai Singh Road
City New Delhi
Postal code 110001
300 ## - PHYSICAL DESCRIPTION
Extent xvii,311p.
Dimensions 28cm (pbk)
650 ## - SUBJECT ADDED ENTRY--TOPICAL TERM
Topical term or geographic name as entry element Economic history
650 ## - SUBJECT ADDED ENTRY--TOPICAL TERM
Topical term or geographic name as entry element Social history
650 ## - SUBJECT ADDED ENTRY--TOPICAL TERM
Topical term or geographic name as entry element Social planning
942 ## - ADDED ENTRY ELEMENTS (KOHA)
Source of classification or shelving scheme Dewey Decimal Classification
Item type English Books
Classification part 325.54
Call number suffix IND
Holdings
Withdrawn status Lost status Not for loan Collection code Home library Current library Date acquired Source of acquisition Cost, normal purchase price Full call number Barcode Copy number Cost, replacement price Koha item type
    Not For Loan Non-fiction D.B.Act.Division D.B.Act.Division 16/08/2010 DBAD/PUB 445.00 325.54 IND EN-84175 1 445.00 English Books

© Delhi Public Library
Hit Counter
free hit counter